000 00530nam a2200217Ia 4500
003 OSt
005 20140426084800.0
008 140130s9999 xx 000 0 und d
020 _a0439099781
050 _aPZ 7
_b.M478818Gi 2000
100 _aMcPhail, David
245 _aA girl, a goat and a goose /
_cDavid McPhail.
260 _bScholastic,
_c2000.
_aNew York :
300 _a30 p. :
_bcol. ill. ;
_c24 cm.
440 _v1
521 _aG1
526 _c160
942 _cBK
_2lcc
999 _c39884
_d39884